Cuentos para salir al recreo /

Francisco es un niño como vos. Y como vos tiene que ir a la escuela. Pero para él la escuela no es un lugar donde se aprende y trabaja. Casi todo el tiempo, la escuela es un lugar donde se juega y se viven fantásticas aventuras. La maestra no siempre está de acuerdo con Francisco y entonces...Bueno,...

Descripción completa

Guardado en:
Autor Principal: Mainé, Margarita.
Otros Autores: Baró, Gerardo; il.
Formato: Libro
Idioma:Undetermined
Publicado: Buenos Aires : Norma, 2017.
Edición:1a ed. 16a reimp.
Series:Torre de papel roja
Materias:
Etiquetas: Agregar Etiqueta
Sin Etiquetas, Sea el primero en etiquetar este registro!
LEADER 01075nam a22002295a 4500
001 CEM.cems020787
008 240219s2017####ag############000#0#und#d
005 20240219105551.0
245 1 0 |a Cuentos para salir al recreo /  |c Margarita Mainé ; ilustrado por Gerardo Baró. 
250 |a 1a ed. 16a reimp. 
260 |a Buenos Aires :  |b Norma,  |c 2017. 
300 |a 64 p. 
490 1 |a Torre de papel roja 
500 |a A partir de 7 años. 
520 |a Francisco es un niño como vos. Y como vos tiene que ir a la escuela. Pero para él la escuela no es un lugar donde se aprende y trabaja. Casi todo el tiempo, la escuela es un lugar donde se juega y se viven fantásticas aventuras. La maestra no siempre está de acuerdo con Francisco y entonces...Bueno, si quieren saber algo más tendrán que leer este libro. 
020 |a 9789875453579 
100 1 |a Mainé, Margarita. 
700 1 |a Baró, Gerardo; il. 
653 |a Literatura argentina 
653 |a Literatura infantil 
653 |a Novela infantil 
859 |a CEMS  |b BIB. CEMS - Inicial y Primaria  |h A863.4  |i M284-1  |k IP  |p 6731  |t Ej.1